000 00325nam a2200169Ia 4500
100 _aSpear/Chris
650 _aVerilog
250 _a2
942 _cBK
366 _f25
245 _aSystem verilog for verification
260 _bSpringer
_c2009
082 _bSPE
300 _a429
546 _aENGLISH
999 _c34276
_d34276